[Event "Hradec Kralove Open 2023 - A FIDE Open"]
[Site "Cernigov hotel, Hradec Kralove"]
[Date "2023.11.08"]
[Round "6"]
[Board "3"]
[White "Santos Martinez, Guillermo"]
[Black "Wenke, Oldrich"]
[Result "1/2-1/2"]
[WhiteElo "2112"]
[BlackElo "1984"]
[PlyCount "127"]
[EventDate "2023.11.04"]
[EventRounds "9"]
[EventCountry "CZE"]

1. d4 b6 2. c4 Bb7 3. Nc3 e6 4. a3 Nf6 5. Nf3 Be7 6. g3 O-O 7. Bg2 Ne4 8. Nxe4 Bxe4
9. O-O d6 10. b3 Nd7 11. Bb2 Bf6 12. Nd2 Bxg2 13. Kxg2 d5 14. Qc2 c5 15. cxd5 exd5
16. dxc5 bxc5 17. Rfd1 Bxb2 18. Qxb2 Qf6 19. Qxf6 Nxf6 20. Rac1 Rac8 21. Rc2 Rc7
22. Rdc1 Rfc8 23. Kf3 Kf8 24. g4 h6 25. h4 Ke7 26. g5 hxg5 27. hxg5 Nd7 28. Nf1 Ke6
29. Rc3 Ne5+ 30. Kg2 d4 31. R3c2 Kd5 32. f4 Ng6 33. Kg3 Re8 34. f5 Nf8 35. Kf3 Nd7
36. Nd2 Re3+ 37. Kf2 Re5 38. b4 Rxf5+ 39. Ke1 Rxg5 40. Nf3 Rg4 41. Rc4 Re4 42. Kd2
f6 43. Ne1 Re6 44. Nd3 g5 45. bxc5 a5 46. Ra4 Ne5 47. Nxe5 fxe5 48. Rxa5 Rec6 49.
Rg1 Rg7 50. Ra8 Rxc5 51. e3 g4 52. exd4 Kxd4 53. Rb8 e4 54. Rg3 Ke5 55. Rg1 g3 56.
Re8+ Kd4 57. Rd1 g2 58. Ke2+ Kc3 59. Rg1 Rc4 60. Rh8 Ra4 61. Kf2 Rxa3 62. Rh3+ Kb2
63. Rh4 Rf3+ 64. Ke1  1/2-1/2

[Event "Hradec Kralove Open 2023 - A FIDE Open"]
[Site "Cernigov hotel, Hradec Kralove"]
[Date "2023.11.08"]
[Round "6"]
[Board "4"]
[White "Syzdyk, Samir"]
[Black "Kulhanek, Tomas"]
[Result "0-1"]
[WhiteElo "1639"]
[BlackElo "2322"]
[PlyCount "36"]
[EventDate "2023.11.04"]
[EventRounds "9"]
[EventCountry "CZE"]

1. e4 d6 2. d4 Nf6 3. Nc3 g6 4. f4 Bg7 5. Nf3 O-O 6. Bd3 Nc6 7. e5 dxe5 8. fxe5 Nh5
9. Be3 f6 10. Bc4+ Kh8 11. exf6 exf6 12. O-O Re8 13. Qd2 Bg4 14. Rae1 Bxf3 15. gxf3
f5 16. Ne2 Qd6 17. c3 f4 18. Bf2 Ne5  0-1

[Event "Hradec Kralove Open 2023 - A FIDE Open"]
[Site "Cernigov hotel, Hradec Kralove"]
[Date "2023.11.08"]
[Round "6"]
[Board "5"]
[White "Kong, Zi Yau Bernadette"]
[Black "Kolesar, Milan"]
[Result "0-1"]
[WhiteElo "1463"]
[BlackElo "2097"]
[PlyCount "77"]
[EventDate "2023.11.04"]
[EventRounds "9"]
[EventCountry "CZE"]

1. e4 c5 2. Nf3 d6 3. d4 cxd4 4. Nxd4 Nf6 5. Nc3 Nc6 6. Bc4 Qb6 7. Nxc6 bxc6 8. O-O
g6 9. Qe1 Bg7 10. e5 dxe5 11. Qxe5 Qb4 12. Qf4 a5 13. a3 Qb7 14. Bb3 O-O 15. Qh4
Nd5 16. Na4 Bf5 17. Bh6 Bxh6 18. Qxh6 Nb6 19. Nxb6 Qxb6 20. a4 Qd4 21. Qc1 Rab8 22.
Rd1 Qf6 23. Qd2 Rb4 24. Qc3 Qxc3 25. bxc3 Rb7 26. f3 h5 27. Rd4 Rc8 28. Rad1 Kg7
29. h3 c5 30. Rd8 Rcc7 31. g4 hxg4 32. hxg4 c4 33. gxf5 cxb3 34. cxb3 gxf5 35. R8d5
e6 36. Rxa5 Rxb3 37. Kf2 Rbxc3 38. Rb5 Ra3 39. Rb4  0-1

[Event "Hradec Kralove Open 2023 - A FIDE Open"]
[Site "Cernigov hotel, Hradec Kralove"]
[Date "2023.11.08"]
[Round "6"]
[Board "6"]
[White "Fryc, Lukas"]
[Black "Rusnak, Jan"]
[Result "1-0"]
[WhiteElo "1857"]
[BlackElo "1971"]
[PlyCount "75"]
[EventDate "2023.11.04"]
[EventRounds "9"]
[EventCountry "CZE"]

1. c4 e6 2. g3 d5 3. Bg2 dxc4 4. Qa4+ c6 5. Qxc4 Nf6 6. Nc3 Nbd7 7. d3 Bd6 8. Nf3
Qc7 9. Bg5 b5 10. Qb3 a5 11. Rc1 a4 12. Qc2 Qa5 13. Nd4 b4 14. Bxf6 bxc3 15. Nxc6
Qc7 16. Bxc3 Bb7 17. O-O Bxc6 18. Bxg7 Bxg2 19. Qxc7 Bxc7 20. Kxg2 Be5 21. Bxh8 Bxh8
22. Rc2 Rb8 23. b3 axb3 24. axb3 Ke7 25. Rb1 Kd6 26. e3 Rb5 27. f4 Nc5 28. d4 Ne4
29. Kf3 f5 30. Rbb2 h5 31. h3 Nf6 32. Rc8 Bg7 33. Ra8 Nd5 34. Rg8 Rb7 35. Ra2 Bf6
36. Ra6+ Ke7 37. Rga8 Nxe3 38. R6a7  1-0

[Event "Hradec Kralove Open 2023 - A FIDE Open"]
[Site "Cernigov hotel, Hradec Kralove"]
[Date "2023.11.08"]
[Round "6"]
[Board "7"]
[White "Jiruse, Josef"]
[Black "Heinsohn, Michael"]
[Result "1/2-1/2"]
[WhiteElo "1941"]
[BlackElo "1922"]
[PlyCount "37"]
[EventDate "2023.11.04"]
[EventRounds "9"]
[EventCountry "CZE"]

1. f4 d5 2. Nf3 Nf6 3. b3 g6 4. Bb2 Bg7 5. e3 O-O 6. Be2 c5 7. O-O Nc6 8. Ne5 Qc7
9. Na3 a6 10. c4 e6 11. Nxc6 Qxc6 12. Bf3 b5 13. Rc1 Bb7 14. Rc2 Qb6 15. Qa1 Ne8
16. Rfc1 dxc4 17. Bxb7 Qxb7 18. bxc4 b4 19. Nb1  1/2-1/2

[Event "Hradec Kralove Open 2023 - A FIDE Open"]
[Site "Cernigov hotel, Hradec Kralove"]
[Date "2023.11.08"]
[Round "6"]
[Board "10"]
[White "Dusbaba, Karel"]
[Black "Barabas, Ales"]
[Result "1/2-1/2"]
[WhiteElo "1993"]
[BlackElo "1759"]
[PlyCount "81"]
[EventDate "2023.11.04"]
[EventRounds "9"]
[EventCountry "CZE"]

1. c4 Nf6 2. Nc3 d5 3. cxd5 Nxd5 4. g3 c6 5. Bg2 Nb6 6. d4 g6 7. Bf4 Bg7 8. Nf3 O-O
9. Be5 N8d7 10. Bxg7 Kxg7 11. O-O Nf6 12. Na4 Nxa4 13. Qxa4 Qb6 14. b4 Be6 15. Qc2
Bd5 16. Qc5 Rfe8 17. a3 Ne4 18. Qc2 Nf6 19. e3 a5 20. Qc5 Nd7 21. Qxb6 Nxb6 22. Rfb1
Nc4 23. Ne5 Nxe5 24. dxe5 Bxg2 25. Kxg2 axb4 26. Rxb4 b5 27. Rc1 Rec8 28. Rb3 Ra6
29. Rxb5 cxb5 30. Rxc8 Rxa3 31. Rb8 Rb3 32. f4 Rxe3 33. Rxb5 Re2+ 34. Kg1 h5 35.
Rb7 e6 36. Rb8 Ra2 37. h3 Ra1+ 38. Kf2 Ra2+ 39. Ke1 Ra3 40. Kf2 Ra2+ 41. Ke1  1/2-1/2

[Event "Hradec Kralove Open 2023 - A FIDE Open"]
[Site "Cernigov hotel, Hradec Kralove"]
[Date "2023.11.08"]
[Round "6"]
[Board "12"]
[White "Ochedzan, Filip"]
[Black "Tsapanidis, Vasilis"]
[Result "1-0"]
[WhiteElo "1873"]
[BlackElo "1705"]
[PlyCount "29"]
[EventDate "2023.11.04"]
[EventRounds "9"]
[EventCountry "CZE"]

1. e4 e6 2. d4 d5 3. Nc3 Bb4 4. e5 c5 5. a3 Bxc3+ 6. bxc3 b6 7. Qg4 g6 8. h4 h5 9.
Qf4 Nd7 10. Nf3 f5 11. exf6 Ndxf6 12. Bd3 Ng4 13. Bxg6+ Kd7 14. Bxh5 N4f6 15. Ne5+
 1-0

[Event "Hradec Kralove Open 2023 - A FIDE Open"]
[Site "Cernigov hotel, Hradec Kralove"]
[Date "2023.11.09"]
[Round "7"]
[Board "1"]
[White "Kolesar, Milan"]
[Black "Jirasek, Pavel"]
[Result "0-1"]
[WhiteElo "2097"]
[BlackElo "2322"]
[PlyCount "103"]
[EventDate "2023.11.04"]
[EventRounds "9"]
[EventCountry "CZE"]

1. Nf3 Nf6 2. c4 b6 3. g3 Bb7 4. Bg2 c5 5. O-O e6 6. Nc3 Be7 7. Re1 d5 8. cxd5 Nxd5
9. d4 O-O 10. Nxd5 Qxd5 11. Nh4 Qd7 12. dxc5 Bxg2 13. Nxg2 Bxc5 14. Be3 Be7 15. Qxd7
Nxd7 16. Red1 Nf6 17. Rac1 Rac8 18. Bd4 Rfd8 19. e3 Ne4 20. Nf4 Bd6 21. Ne2 Bb4 22.
Rxc8 Rxc8 23. Rc1 Rxc1+ 24. Nxc1 f6 25. Nd3 Bd6 26. b3 e5 27. Bb2 Kf7 28. Kf1 Ng5
29. h4 Nf3 30. Ke2 e4 31. Nc1 h5 32. Bc3 Ba3 33. Kd1 Bxc1 34. Kxc1 g5 35. hxg5 fxg5
36. Kd1 h4 37. gxh4 gxh4 38. Ke2 h3 39. Kf1 Ke6 40. Bg7 Kf5 41. Bf8 Ne1 42. Bd6 Nd3
43. a4 Kg4 44. b4 Kf3 45. b5 Nc5 46. Kg1 Nxa4 47. Bb8 Nc5 48. Bc7 Na4 49. Bb8 h2+
50. Kxh2 Kxf2 51. Bxa7 Ke2 52. Kg2  0-1

[Event "Hradec Kralove Open 2023 - A FIDE Open"]
[Site "Cernigov hotel, Hradec Kralove"]
[Date "2023.11.09"]
[Round "7"]
[Board "2"]
[White "Johnson, Joshua"]
[Black "Cheraghi, Amin"]
[Result "0-1"]
[WhiteElo "2337"]
[BlackElo "2244"]
[PlyCount "66"]
[EventDate "2023.11.04"]
[EventRounds "9"]
[EventCountry "CZE"]

1. e4 d5 2. exd5 Qxd5 3. Nf3 Bg4 4. Be2 Nc6 5. d4 O-O-O 6. Be3 e5 7. dxe5 Bxf3 8.
Bxf3 Qxe5 9. Nd2 Bc5 10. Qe2 Bxe3 11. fxe3 Qxb2 12. O-O Nge7 13. Nc4 Qc3 14. Rab1
f5 15. a4 Nd5 16. Rb5 Nb6 17. Bxc6 bxc6 18. Nxb6+ axb6 19. Rbxf5 Rhe8 20. Qa6+ Kb8
21. h3 Rxe3 22. a5 b5 23. Kh2 Re5 24. Rf7 Re2 25. R7f3 Qe5+ 26. Kh1 Qg5 27. Rg1 Rxc2
28. Rf7 Rxg2 29. Rxg2 Rd1+ 30. Kh2 Qe5+ 31. Rg3 Rd2+ 32. Kh1 Qe1+ 33. Rg1 Qe4+  0-1

[Event "Hradec Kralove Open 2023 - A FIDE Open"]
[Site "Cernigov hotel, Hradec Kralove"]
[Date "2023.11.09"]
[Round "7"]
[Board "3"]
[White "Kulhanek, Tomas"]
[Black "Santos Martinez, Guillermo"]
[Result "1-0"]
[WhiteElo "2322"]
[BlackElo "2112"]
[PlyCount "127"]
[EventDate "2023.11.04"]
[EventRounds "9"]
[EventCountry "CZE"]

1. d4 d5 2. Nc3 Nf6 3. Bf4 c5 4. e4 Nxe4 5. Nxe4 dxe4 6. dxc5 Qxd1+ 7. Rxd1 a6 8.
Bc4 Nc6 9. Bd5 Bg4 10. f3 exf3 11. Nxf3 e6 12. Bxc6+ bxc6 13. Bd6 Bxf3 14. gxf3 O-O-O
15. Rg1 g6 16. Rg4 Bxd6 17. cxd6 Kd7 18. Rf4 f5 19. Ra4 Ra8 20. b3 g5 21. Ra5 h5
22. Kf2 g4 23. c4 Rhb8 24. Rd3 gxf3 25. Kxf3 Re8 26. Re5 Rac8 27. b4 Rb8 28. a3 Ra8
29. Rd1 a5 30. b5 cxb5 31. Rxb5 Reb8 32. Kf4 Rxb5 33. cxb5 Rc8 34. Kg5 Rc5 35. a4
Rc4 36. Kxh5 Rxa4 37. Kg5 Rb4 38. h4 Rxb5 39. h5 Rb2 40. Rh1 Kxd6 41. h6 Rb8 42.
h7 Rh8 43. Kg6 f4 44. Kg7 Ra8 45. h8=Q Rxh8 46. Rxh8 Ke5 47. Kg6 Ke4 48. Kg5 Kf3
49. Rf8 e5 50. Kf5 Ke3 51. Kg4 e4 52. Rc8 f3 53. Kg3 f2 54. Rf8 Kd3 55. Kxf2 e3+
56. Ke1 Kc3 57. Ra8 Kb4 58. Ke2 a4 59. Kxe3 Kb3 60. Kd3 a3 61. Rb8+ Ka2 62. Kc2 Ka1
63. Rb1+ Ka2 64. Rb3  1-0

[Event "Hradec Kralove Open 2023 - A FIDE Open"]
[Site "Cernigov hotel, Hradec Kralove"]
[Date "2023.11.09"]
[Round "7"]
[Board "5"]
[White "Wenke, Oldrich"]
[Black "Fryc, Lukas"]
[Result "1-0"]
[WhiteElo "1984"]
[BlackElo "1857"]
[PlyCount "92"]
[EventDate "2023.11.04"]
[EventRounds "9"]
[EventCountry "CZE"]

1. b3 d5 2. Bb2 Bf5 3. g3 Nf6 4. Bg2 Nbd7 5. Nf3 e6 6. O-O Bd6 7. d3 O-O 8. Nbd2
e5 9. Re1 Bg4 10. c4 c6 11. Qc2 Qe7 12. h3 Bxf3 13. Bxf3 Ba3 14. Bxa3 Qxa3 15. cxd5
cxd5 16. Rac1 Nb6 17. Nb1 Qd6 18. Qc7 Qe6 19. Bg2 Rab8 20. Qc3 h6 21. e3 Nh7 22.
Kh2 Qf5 23. Qd2 Ng5 24. h4 Nf3+ 25. Bxf3 Qxf3 26. Qe2 Qf6 27. Kg2 e4 28. d4 Qd6 29.
Rc2 f5 30. Rec1 Kh7 31. Nc3 Qg6 32. Kh2 Rf6 33. Qf1 Qg4 34. Qh3 Qf3 35. Qg2 Qh5 36.
Qh3 Rg8 37. Ne2 Qe8 38. Rc7 Qb5 39. Nf4 Qa5 40. R1c2 Qe1 41. Rxb7 a5 42. Nh5 Rd6
43. Qxf5+ Kh8 44. Rcc7 Rd7 45. Rxd7 Nxd7 46. Rxd7 Qb4  1-0

[Event "Hradec Kralove Open 2023 - A FIDE Open"]
[Site "Cernigov hotel, Hradec Kralove"]
[Date "2023.11.09"]
[Round "7"]
[Board "6"]
[White "Kohout, Jan"]
[Black "Jiruse, Josef"]
[Result "1/2-1/2"]
[WhiteElo "1863"]
[BlackElo "1941"]
[PlyCount "25"]
[EventDate "2023.11.04"]
[EventRounds "9"]
[EventCountry "CZE"]

1. d4 f5 2. g3 Nf6 3. Bg2 g6 4. c4 Bg7 5. Nc3 d6 6. Nf3 O-O 7. O-O c6 8. Re1 Ne4
9. e3 Nxc3 10. bxc3 e5 11. Ba3 e4 12. Nd2 Re8 13. c5  1/2-1/2

[Event "Hradec Kralove Open 2023 - A FIDE Open"]
[Site "Cernigov hotel, Hradec Kralove"]
[Date "2023.11.09"]
[Round "7"]
[Board "7"]
[White "Heinsohn, Michael"]
[Black "Gromczak, Dariusz"]
[Result "1/2-1/2"]
[WhiteElo "1922"]
[BlackElo "1856"]
[PlyCount "40"]
[EventDate "2023.11.04"]
[EventRounds "9"]
[EventCountry "CZE"]

1. d4 g6 2. c4 Bg7 3. Nc3 e6 4. Nf3 Ne7 5. g3 d5 6. Bg2 Nd7 7. b3 c5 8. cxd5 Nxd5
9. Nxd5 exd5 10. O-O O-O 11. Bg5 Qa5 12. Rc1 cxd4 13. Nxd4 Nf6 14. Qd3 Bd7 15. a4
Rac8 16. Bd2 Qb6 17. a5 Qd6 18. Bf4 Qb4 19. Bd2 Qd6 20. Bf4 Qb4  1/2-1/2

[Event "Hradec Kralove Open 2023 - A FIDE Open"]
[Site "Cernigov hotel, Hradec Kralove"]
[Date "2023.11.09"]
[Round "7"]
[Board "8"]
[White "Mydlar, Matej"]
[Black "Ochedzan, Filip"]
[Result "1/2-1/2"]
[WhiteElo "1809"]
[BlackElo "1873"]
[PlyCount "78"]
[EventDate "2023.11.04"]
[EventRounds "9"]
[EventCountry "CZE"]

1. e4 c5 2. Nf3 d6 3. d4 cxd4 4. Nxd4 Nf6 5. Nc3 Nc6 6. Bg5 e6 7. Be2 a6 8. Qd2 Bd7
9. O-O-O Be7 10. f4 h6 11. Bxf6 Bxf6 12. Nb3 Be7 13. Kb1 b5 14. Bf3 b4 15. Ne2 a5
16. Nbd4 Qb8 17. e5 Nxd4 18. Qxd4 d5 19. f5 Qc7 20. fxe6 fxe6 21. Bh5+ Kd8 22. Nf4
Rc8 23. Rd2 Qc5 24. Ng6 Qxd4 25. Rxd4 Rg8 26. Rf1 Be8 27. Rdf4 Bxg6 28. Bxg6 Kd7
29. Bd3 Rcf8 30. Bb5+ Kd8 31. c3 Rxf4 32. Rxf4 Rf8 33. Rxf8+ Bxf8 34. Kc2 Bc5 35.
Kd3 bxc3 36. bxc3 Bg1 37. h3 Bh2 38. Kd4 Bg1+ 39. Kd3 Bh2  1/2-1/2

[Event "Hradec Kralove Open 2023 - A FIDE Open"]
[Site "Cernigov hotel, Hradec Kralove"]
[Date "2023.11.09"]
[Round "7"]
[Board "9"]
[White "Toman, Jaroslav"]
[Black "Batukhtin, Viktor"]
[Result "1-0"]
[WhiteElo "2203"]
[BlackElo "1706"]
[PlyCount "55"]
[EventDate "2023.11.04"]
[EventRounds "9"]
[EventCountry "CZE"]

1. d4 c6 2. Nf3 d5 3. b3 Bf5 4. Ba3 Nf6 5. e3 Nbd7 6. Be2 e6 7. Bxf8 Nxf8 8. O-O
h6 9. c4 N8d7 10. Nc3 O-O 11. b4 dxc4 12. Bxc4 Ne4 13. Qb3 Nxc3 14. Qxc3 Nf6 15.
a4 Qe7 16. Qb3 Be4 17. Nd2 Bd5 18. Rfc1 Rfd8 19. b5 Rac8 20. bxc6 Bxc6 21. Rc2 Qd7
22. Nf3 Bxf3 23. gxf3 Rc7 24. Rac1 Rdc8 25. f4 Qe7 26. f5 Rc6 27. fxe6 fxe6 28. Bxe6+
 1-0

[Event "Hradec Kralove Open 2023 - A FIDE Open"]
[Site "Cernigov hotel, Hradec Kralove"]
[Date "2023.11.09"]
[Round "7"]
[Board "10"]
[White "Barabas, Ales"]
[Black "Flasar, Jaroslav"]
[Result "0-1"]
[WhiteElo "1759"]
[BlackElo "2048"]
[PlyCount "74"]
[EventDate "2023.11.04"]
[EventRounds "9"]
[EventCountry "CZE"]

1. Nf3 d6 2. d4 g6 3. g3 Bg7 4. Bg2 Nd7 5. O-O e5 6. dxe5 Nxe5 7. Nbd2 Ne7 8. Nxe5
Bxe5 9. c3 O-O 10. Nf3 Bg7 11. Bg5 h6 12. Bxe7 Qxe7 13. Re1 Rb8 14. Nd4 Qd7 15. Qd3
d5 16. Rad1 c6 17. e4 dxe4 18. Qxe4 Qc7 19. Qc2 a6 20. Rd2 c5 21. Nb3 b5 22. Bd5
Kh7 23. Qe4 Bf6 24. Qf3 Kg7 25. Red1 Bg5 26. Re2 h5 27. Qg2 Rd8 28. Ree1 a5 29. Nd2
Bg4 30. f3 Rxd5 31. fxg4 Rbd8 32. Re2 hxg4 33. Qe4 Rxd2 34. Rdxd2 Rxd2 35. Rxd2 Bxd2
36. Qxg4 Qe5 37. Qd7 Qe2  0-1

[Event "Hradec Kralove Open 2023 - A FIDE Open"]
[Site "Cernigov hotel, Hradec Kralove"]
[Date "2023.11.09"]
[Round "7"]
[Board "11"]
[White "Wieczorek, Lech"]
[Black "Dusbaba, Karel"]
[Result "0-1"]
[WhiteElo "1650"]
[BlackElo "1993"]
[PlyCount "80"]
[EventDate "2023.11.04"]
[EventRounds "9"]
[EventCountry "CZE"]

1. d4 e6 2. c4 d5 3. Nf3 c6 4. g3 f5 5. Bg2 Nf6 6. O-O Bd6 7. b3 O-O 8. Ba3 Bxa3
9. Nxa3 Nbd7 10. Nc2 Ne4 11. Nce1 Nd6 12. c5 Nf7 13. Nd3 Qf6 14. Qd2 e5 15. dxe5
Nfxe5 16. Nfxe5 Nxe5 17. Nxe5 Qxe5 18. e3 Bd7 19. Rad1 Rae8 20. Rfe1 Bc8 21. b4 a6
22. a4 Qf6 23. b5 axb5 24. axb5 g5 25. bxc6 bxc6 26. Qd4 Qe7 27. Qb4 Rf6 28. Rd4
Qg7 29. Rb1 Ref8 30. h4 h6 31. Bh3 Ba6 32. Qb6 Be2 33. Ra1 f4 34. Ra7 Qg6 35. hxg5
hxg5 36. e4 fxg3 37. fxg3 Qh6 38. Bf5 dxe4 39. Rh7 Rxf5 40. Rxh6 Rf1+  0-1

[Event "Hradec Kralove Open 2023 - A FIDE Open"]
[Site "Cernigov hotel, Hradec Kralove"]
[Date "2023.11.09"]
[Round "7"]
[Board "12"]
[White "Rusnak, Jan"]
[Black "Syzdyk, Samir"]
[Result "0-1"]
[WhiteElo "1971"]
[BlackElo "1639"]
[PlyCount "160"]
[EventDate "2023.11.04"]
[EventRounds "9"]
[EventCountry "CZE"]

1. e4 c5 2. d4 cxd4 3. c3 Nf6 4. Bc4 Qc7 5. Qxd4 Nc6 6. Qe3 e6 7. Nf3 h5 8. Qe2 a6
9. Bg5 Bc5 10. h3 Ne5 11. Nxe5 Qxe5 12. Bxf6 Qxf6 13. Nd2 d6 14. Nf3 Qe7 15. O-O
O-O 16. Rad1 b5 17. Bd3 g6 18. Qd2 Kg7 19. b4 Bb6 20. Bc2 Rd8 21. a4 bxa4 22. c4
e5 23. Bxa4 a5 24. Bc6 Bb7 25. Qd5 Bxc6 26. Qxc6 Qc7 27. Qxc7 Bxc7 28. bxa5 Bxa5
29. Rd5 Bb4 30. Rfd1 Rdc8 31. Rc1 Ra2 32. Ne1 Bxe1 33. Rxe1 Rxc4 34. Rxd6 Rcc2 35.
Rf1 Re2 36. h4 Rxe4 37. g3 Ree2 38. Rdd1 Kf6 39. Rde1 Red2 40. Rd1 Rd4 41. Ra1 Rad2
42. Rfe1 Kf5 43. Kg2 R4d3 44. Rab1 f6 45. Ra1 Rb2 46. Rab1 Rbd2 47. Ra1 Rb3 48. Rab1
Rxb1 49. Rxb1 g5 50. hxg5 fxg5 51. Rb4 Rd3 52. Ra4 Rd4 53. Ra8 Rd2 54. Rf8+ Kg4 55.
Re8 Rd5 56. Rf8 e4 57. Re8 Kf5 58. Rf8+ Ke5 59. Rh8 Kf5 60. Rxh5 Rd2 61. Kf1 Kg4
62. Rh8 e3 63. Rf8 exf2 64. Rxf2 Rd3 65. Ra2 Rxg3 66. Kf2 Kh3 67. Ra8 Rg2+ 68. Kf1
g4 69. Rh8+ Kg3 70. Ra8 Rb2 71. Ra3+ Kh2 72. Ra8 Rb1+ 73. Ke2 Kg2 74. Ra2 g3 75.
Ra8 Rf1 76. Rh8 Kg1 77. Rg8 g2 78. Re8 Rf7 79. Re6 Rg7 80. Re8 Kh2  0-1

[Event "Hradec Kralove Open 2023 - A FIDE Open"]
[Site "Cernigov hotel, Hradec Kralove"]
[Date "2023.11.10"]
[Round "8"]
[Board "1"]
[White "Jirasek, Pavel"]
[Black "Kulhanek, Tomas"]
[Result "1/2-1/2"]
[WhiteElo "2322"]
[BlackElo "2322"]
[PlyCount "42"]
[EventDate "2023.11.04"]
[EventRounds "9"]
[EventCountry "CZE"]

1. c4 e5 2. g3 Nc6 3. Bg2 g6 4. Nc3 Bg7 5. e3 d6 6. d3 Nge7 7. Rb1 O-O 8. b4 a6 9.
Nge2 Bg4 10. h3 Be6 11. Nd5 Rb8 12. O-O Qd7 13. Kh2 b5 14. Bd2 f5 15. Qc2 Nd8 16.
d4 c6 17. Nxe7+ Qxe7 18. d5 cxd5 19. cxd5 Rc8 20. Qb3 Bd7 21. Rbc1 Nf7  1/2-1/2

[Event "Hradec Kralove Open 2023 - A FIDE Open"]
[Site "Cernigov hotel, Hradec Kralove"]
[Date "2023.11.10"]
[Round "8"]
[Board "2"]
[White "Cheraghi, Amin"]
[Black "Wenke, Oldrich"]
[Result "1-0"]
[WhiteElo "2244"]
[BlackElo "1984"]
[PlyCount "49"]
[EventDate "2023.11.04"]
[EventRounds "9"]
[EventCountry "CZE"]

1. d4 b6 2. Bg5 Bb7 3. Nd2 g6 4. e4 Bg7 5. c3 Nf6 6. Bd3 d6 7. Ngf3 Nbd7 8. O-O O-O
9. Re1 e5 10. Qc2 Re8 11. a4 a5 12. Rad1 Qe7 13. Bb5 c6 14. Bf1 Ba6 15. Bxa6 Rxa6
16. Nc4 h6 17. Bxf6 Bxf6 18. Nxd6 Qxd6 19. dxe5 Qe7 20. exf6 Nxf6 21. e5 Nd5 22.
e6 Kg7 23. c4 Nf6 24. exf7 Qxf7 25. Ne5  1-0

[Event "Hradec Kralove Open 2023 - A FIDE Open"]
[Site "Cernigov hotel, Hradec Kralove"]
[Date "2023.11.10"]
[Round "8"]
[Board "3"]
[White "Cupid, Kevin"]
[Black "Heinsohn, Michael"]
[Result "1/2-1/2"]
[WhiteElo "2186"]
[BlackElo "1922"]
[PlyCount "110"]
[EventDate "2023.11.04"]
[EventRounds "9"]
[EventCountry "CZE"]

1. d4 Nf6 2. c4 g6 3. g3 c6 4. Bg2 d5 5. Nc3 Bg7 6. Nf3 Ne4 7. O-O Nxc3 8. bxc3 dxc4
9. Bf4 Nd7 10. Qc1 O-O 11. Bh6 Qc7 12. e4 e5 13. Re1 Re8 14. h4 exd4 15. cxd4 Nb6
16. a4 Be6 17. Bxg7 Kxg7 18. a5 Nd7 19. Nd2 b5 20. axb6 Nxb6 21. Bf1 Qd6 22. Qc3
f6 23. e5 fxe5 24. dxe5 Qc7 25. Nxc4 Nxc4 26. Bxc4 a5 27. Re4 a4 28. Rf4 Qa5 29.
Qxa5 Rxa5 30. Bxe6 Rxe6 31. Rfxa4 Raxe5 32. Rc1 h5 33. Ra7+ Kf6 34. Kg2 c5 35. Rc7
Ra6 36. Rc3 Ra5 37. Rf3+ Ke6 38. Rc6+ Kd5 39. Rxg6 c4 40. Rg8 Kd4 41. Rd8+ Rad5 42.
Rc8 Rc5 43. Rd8+ Rcd5 44. Rc8 Rc5 45. Ra8 c3 46. Ra4+ Kd5 47. Rd3+ Kc6 48. Rd1 Kb5
49. Raa1 c2 50. Rdc1 Kb4 51. f4 Re3 52. f5 Rcc3 53. Kh2 Rxg3 54. Rxc2 Rh3+ 55. Kg2
Rcg3+  1/2-1/2

[Event "Hradec Kralove Open 2023 - A FIDE Open"]
[Site "Cernigov hotel, Hradec Kralove"]
[Date "2023.11.10"]
[Round "8"]
[Board "4"]
[White "Kalveus, Jan"]
[Black "Johnson, Joshua"]
[Result "0-1"]
[WhiteElo "1807"]
[BlackElo "2337"]
[PlyCount "86"]
[EventDate "2023.11.04"]
[EventRounds "9"]
[EventCountry "CZE"]

1. d4 d5 2. Bf4 Nf6 3. e3 e6 4. Nf3 Bd6 5. Bd3 c5 6. Bxd6 Qxd6 7. c3 Nc6 8. Nbd2
O-O 9. O-O e5 10. dxe5 Nxe5 11. Nxe5 Qxe5 12. Nf3 Qe6 13. Re1 b6 14. Qe2 Qe7 15.
h3 Bb7 16. Ba6 Rfe8 17. Bxb7 Qxb7 18. Red1 Rab8 19. a4 Rbd8 20. Qc2 Rd6 21. Qd3 Red8
22. Qe2 Re6 23. Qc2 Red6 24. Re1 h6 25. Red1 Qd7 26. Qd3 Ne4 27. Nd2 Rg6 28. Kf1
c4 29. Qc2 Nc5 30. Nf3 Qc8 31. Nd4 Rdd6 32. Ne2 Nd3 33. Rxd3 cxd3 34. Qxd3 Rg5 35.
a5 Qc4 36. Qxc4 dxc4 37. axb6 Rxb6 38. Rxa7 Rxb2 39. f3 Rc2 40. Ra1 Rb5 41. Nd4 Rbb2
42. Nxc2 Rxc2 43. Ra3 Kf8  0-1

[Event "Hradec Kralove Open 2023 - A FIDE Open"]
[Site "Cernigov hotel, Hradec Kralove"]
[Date "2023.11.10"]
[Round "8"]
[Board "5"]
[White "Fryc, Lukas"]
[Black "Toman, Jaroslav"]
[Result "1-0"]
[WhiteElo "1857"]
[BlackElo "2203"]
[PlyCount "177"]
[EventDate "2023.11.04"]
[EventRounds "9"]
[EventCountry "CZE"]

1. c4 g6 2. e4 Bg7 3. d4 c5 4. Nf3 Nc6 5. d5 Nd4 6. Nbd2 e5 7. Be2 d6 8. b4 Nxe2
9. Qxe2 cxb4 10. Rb1 a5 11. c5 Nf6 12. cxd6 Qxd6 13. a3 O-O 14. axb4 Nxe4 15. Nxe4
Qxd5 16. Nfd2 f5 17. Nc3 Qxg2 18. Qf1 Qxf1+ 19. Rxf1 e4 20. Nd5 axb4 21. Rxb4 Ra1
22. Ke2 b5 23. Ne7+ Kf7 24. Nxc8 Rxc8 25. Bb2 Rxf1 26. Kxf1 Bxb2 27. Rxb2 Rc5 28.
Nb3 Rc3 29. Nd4 Rc1+ 30. Kg2 Rd1 31. Nxb5 Kf6 32. Nc3 Rd3 33. Ne2 Kg5 34. h3 h5 35.
Ng3 Rd4 36. Rb5 h4 37. Ne2 Rd2 38. Nc3 Kf4 39. Nd5+ Kg5 40. Ra5 Rb2 41. Ra6 f4 42.
Ra5 f3+ 43. Kg1 Rb1+ 44. Kh2 Rb2 45. Ne3+ Kf4 46. Ng4 e3 47. Ra4+ Kg5 48. Nxe3 Rxf2+
49. Kg1 Re2 50. Rg4+ Kh5 51. Nd5 g5 52. Nf6+ Kh6 53. Ne4 Rb2 54. Nxg5 f2+ 55. Kf1
Kh5 56. Nf3 Kh6 57. Nxh4 Rb3 58. Nf5+ Kh7 59. Ng3 Rf3 60. Ne4 Kh6 61. Nxf2 Kh5 62.
Kg2 Ra3 63. Ne4 Ra2+ 64. Nf2 Ra3 65. Rg8 Rb3 66. Ne4 Ra3 67. Rg5+ Kh6 68. Rg4 Rb3
69. Ng3 Ra3 70. h4 Rb3 71. h5 Rb5 72. Kh3 Ra5 73. Kh4 Rb5 74. Rg6+ Kh7 75. Kg4 Ra5
76. Ne4 Ra4 77. Kf3 Ra3+ 78. Ke2 Ra2+ 79. Ke3 Ra3+ 80. Kf4 Ra4 81. Re6 Rb4 82. h6
Ra4 83. Kg4 Ra8 84. Ng5+ Kh8 85. Kh5 Rf8 86. Re7 Rb8 87. Rh7+ Kg8 88. Rg7+ Kf8 89.
Ne6+  1-0

[Event "Hradec Kralove Open 2023 - A FIDE Open"]
[Site "Cernigov hotel, Hradec Kralove"]
[Date "2023.11.10"]
[Round "8"]
[Board "8"]
[White "Flasar, Jaroslav"]
[Black "Kohout, Jan"]
[Result "1/2-1/2"]
[WhiteElo "2048"]
[BlackElo "1863"]
[PlyCount "100"]
[EventDate "2023.11.04"]
[EventRounds "9"]
[EventCountry "CZE"]

1. e4 c5 2. Nf3 e6 3. d4 cxd4 4. Nxd4 Nc6 5. Be3 a6 6. Bd3 Qc7 7. O-O g6 8. Nxc6
dxc6 9. Bd4 e5 10. Bc3 Bg7 11. f4 Ne7 12. Nd2 O-O 13. f5 b5 14. f6 Bxf6 15. Rxf6
b4 16. Bc4 bxc3 17. bxc3 Kg7 18. Rf2 Be6 19. Bxe6 fxe6 20. Rxf8 Rxf8 21. Qg4 Qd6
22. Nf3 Rf4 23. Qg5 Rxe4 24. Rf1 Nf5 25. Rb1 Qe7 26. Qxe7+ Nxe7 27. Ng5 Rg4 28. Rb7
Kf6 29. Nxh7+ Kf7 30. h3 Rh4 31. Ng5+ Kf6 32. Nf3 Rc4 33. Nd2 Ra4 34. g4 Nd5 35.
c4 Ne7 36. Ne4+ Kf7 37. Nd6+ Kf8 38. Rb8+ Kg7 39. Re8 Ng8 40. Rxe6 Rxa2 41. Rxe5
a5 42. g5 a4 43. Ra5 Ne7 44. Ra7 Kf8 45. h4 a3 46. c3 Ra1+ 47. Kg2 a2 48. c5 Kg8
49. c4 Kf8 50. Ra3 Kg8  1/2-1/2